000 00600nam a2200229Ia 4500
003 OSt
005 20220912151223.0
006 a|||||r|||| 00| 0
007 ta
008 220909b |||||||| |||| 00| 0 eng d
024 _a26396
037 _cTextual
040 _aCSL
_beng
_cCSL
041 _aeng
082 _aB281, M2-;1
100 _aMuthu S K
245 0 _aProbability and errors for the physical sciences
260 _aNew Delhi
_b Orient Longman
_c1982
300 _avii, 568p.
_ccm.
942 _hB281, M2-;1
_cTEXL
_2CC
999 _c63936
_d63936